Kontrola parametrov vytyčovacej siete mostného objektu
Saved in:
| Main Author: | |
|---|---|
| Other Authors: | |
| Format: | Manuscript Book |
| Language: | Slovak |
| Published: |
2024
|
| Subjects: | |
| Online Access: | http://is.stuba.sk/zp/portal_zp.pl?podrobnosti=167418 https://opac.crzp.sk/?fn=detailBiblioForm&sid=F0082B7A009D1614B9C61EB883AC |
| Tags: |
No Tags, Be the first to tag this record!
|
MARC
| LEADER | 00000ntm a22000003a 4500 | ||
|---|---|---|---|
| 001 | stuzp98953 | ||
| 003 | SK-STU | ||
| 005 | 20240925101918.5 | ||
| 007 | ta | ||
| 008 | 150427s2015----xo-----f-mn---000-0-slo-d | ||
| 040 | |a STU |b slo | ||
| 041 | 0 | |a slo | |
| 100 | 1 | |a Malis, Ján |u 010140 |4 aut |U SvF Stavebná fakulta |T SvF Katedra geodézie |X 114801 |U V140 |Y 14 |7 114801 | |
| 242 | 0 | 1 | |a Control of the parameters of the staking network of the bridge object |y eng |
| 245 | 1 | 0 | |a Kontrola parametrov vytyčovacej siete mostného objektu |
| 260 | |c 2024 | ||
| 650 | 4 | |a mostný objekt |2 slo | |
| 650 | 4 | |a kontrola parametrov |2 slo | |
| 650 | 4 | |a vyrovnanie siete |2 slo | |
| 650 | 4 | |a rýchlostná cesta R2 |2 slo | |
| 650 | 4 | |a MNŠ |2 slo | |
| 650 | 4 | |a vytyčovacia sieť |2 slo | |
| 650 | 4 | |a MNŠ |2 eng | |
| 650 | 4 | |a R2 expressway |2 eng | |
| 650 | 4 | |a stakeout network |2 eng | |
| 650 | 4 | |a bridge object |2 eng | |
| 650 | 4 | |a parameter control |2 eng | |
| 650 | 4 | |a network adjustment |2 eng | |
| 700 | 1 | |a Kyrinovič, Peter |u 010140 |k Z1 |4 ths |U SvF Stavebná fakulta |T SvF Katedra geodézie |X 2924 |U V140 |Y 14 |7 A000002924 | |
| 856 | 4 | |u http://is.stuba.sk/zp/portal_zp.pl?podrobnosti=167418 | |
| 856 | 4 | |u https://opac.crzp.sk/?fn=detailBiblioForm&sid=F0082B7A009D1614B9C61EB883AC | |